[Event "CZE-chTJ 0001"]
[Site "Czech Republic"]
[Date "2001.??.??"]
[Round "7"]
[White "Elias, Miroslav"]
[Black "Karkus, Dusan"]
[Result "1-0"]
[WhiteElo "2110"]
[BlackElo "2010"]
[PlyCount "95"]
[EventDate "2000.??.??"]
[EventType "team"]
[EventRounds "11"]
[EventCountry "CZE"]
[SourceTitle "EXT 2003"]
[Source "ChessBase"]
[SourceDate "2002.11.25"]
[SourceVersion "1"]
[SourceVersionDate "2002.11.25"]
[SourceQuality "1"]

1. e4 c5 2. b3 Nc6 3. Bb2 d6 4. Nc3 Nf6 5. Bb5 Bd7 6. Nf3 Nd4 7. Bd3 e5 8. Nd5 Nxd5 9. exd5 f5 10. Nxd4 cxd4 11. Qh5+ g6 12. Qe2 Bg7 13. f3 0-0 14. 0-0-0 Qc7 15. Kb1 Qc5 16. h4 Rae8 17. Rde1 b5 18. h5 Qxd5 19. hxg6 hxg6 20. g4 e4 21. fxe4 fxe4 22. Bxe4 Qg5 23. Qg2 Rf4 24. Bd5+ Kf8 25. Ref1 Be5 26. Rxf4+ Bxf4 27. Bxd4 Bxg4 28. Rh8+ Ke7 29. Rh7+ Kd8 30. Rxa7 Re1+ 31. Kb2 Be5 32. Qf2 Bxd4+ 33. Qxd4 Qe5 34. Qxe5 Rxe5 35. Bc6 Rc5 36. Be4 Bf5 37. Bxf5 Rxf5 38. Rg7 g5 39. Kc3 Ke8 40. Kd4 Kf8 41. Rg6 Ke7 42. c4 b4 43. Ke4 Rf4+ 44. Ke3 Rf5 45. d4 Ra5 46. Ke4 Kd7 47. Rg7+ Kc8 48. c5 1-0